(Record no. 3125)
[ view plain ]
| 000 -LEADER | |
|---|---|
| fixed length control field | 00412nam a2200133Ia 4500 |
| 008 - FIXED-LENGTH DATA ELEMENTS--GENERAL INFORMATION | |
| fixed length control field | 151015s9999 xx 000 0 und d |
| 020 ## - INTERNATIONAL STANDARD BOOK NUMBER | |
| International Standard Book Number | 850036887 |
| 050 ## - LIBRARY OF CONGRESS CALL NUMBER | |
| Classification number | HV 438 .S84 2003 |
| 250 ## - EDITION STATEMENT | |
| Edition statement | _Fighting Poverty in Africa Are PRSPs Making a Difference? / edited by David Booth |
| 300 ## - PHYSICAL DESCRIPTION | |
| Extent | London : ODI, 2003 |
| 500 ## - GENERAL NOTE | |
| General note | Includes index |
| 650 ## - SUBJECT ADDED ENTRY--TOPICAL TERM | |
| Topical term or geographic name as entry element | _Poverty in Africa |
| 700 ## - ADDED ENTRY--PERSONAL NAME | |
| Personal name | ^d20120113 11:03:12^oanne |
No items available.